000 00675nam a2200241Ia 4500
003 OSt
005 20221007110220.0
006 a|||||r|||| 00| 0
007 ta
008 221006b |||||||| |||| 00| 0 eng d
024 _a20,630
037 _cTextual
040 _aLCO
_cLCO
_beng
041 _2eng
_aeng
082 _aZ1,218, L5
100 _aMcWhinney Edward
_9123635
245 0 _aIllegal Diversion of Aircraft and International Law
260 _aLeyden
_bA.W.Sijthoff Netherland
_c1975
300 _a123
650 _aAIRCRAFT AND INTERNATIONAL LAW
_9707247
942 _hZ1,218, L5
_cTEXL
999 _c1190193
_d1190193